When death takes a father /

محفوظ في:
التفاصيل البيبلوغرافية
المؤلف الرئيسي: Kooiman, Gladys
التنسيق: كتاب
اللغة:الإنجليزية
منشور في: Michigan : Baker Book House, c1968.
الموضوعات:
الوسوم: إضافة وسم
لا توجد وسوم, كن أول من يضع وسما على هذه التسجيلة!

MARC

LEADER 00000cam a22000002a 4500
001 0000018144
003 DAYSTAR
005 20171002015105.0
008 030703s1968 miu 001 0 eng d
040 |a Daystar  |d LKithuka 
050 1 |a BV 4908  |b .K6 
100 1 |a Kooiman, Gladys. 
245 1 0 |a When death takes a father /  |c Gladys Kooiman. 
260 |a Michigan :  |b Baker Book House,  |c c1968. 
300 |a 171 p. 
650 0 |a Bereavement  |x Religious aspects. 
908 |a 060412 
942 |c G 
952 |0 1  |1 0  |4 0  |6 BV_4908_000000000000000_K6  |7 0  |9 10836  |a DUA  |b DUA  |c STORE  |d 2017-09-28  |l 0  |o BV 4908.K6  |p BK007797  |r 2017-09-28 00:00:00  |w 2017-09-28  |x 60148  |y G 
999 |c 7162  |d 7162